00281nam a2200109Ia 4500008004100000100002200041245005200063260002100115650001100136942000700147999001700154190216s9999||||xx |||||||||||||| ||und|| aGilbert M Smith 0aApushpi Sasya Shashthram Algagalum Fangasugalum bBhasha Institute aBotany cBK c39078d39078